000 00351nam a22001457a 4500
003 OSt
005 20220318151905.0
008 220318b |||||||| |||| 00| 0 eng d
020 _a9780415465168
040 _cHU
082 _24th
_a624.18
100 _aCon
_910273
245 _aConstruction Materials Their Nature & Behaviour
942 _2ddc
_cBOOKS
_n0
999 _c33153
_d33153